Sociální práce časopis pro teorii, praxi a vzdělávání v sociální praci

Uložené v:
Podrobná bibliografia
Médium: Seriál
Jazyk:Czech
Vydavateľské údaje: Brno Asociace vzdělavatelů v sociální práci 2010
Tagy: Pridať tag
Žiadne tagy, Buďte prvý, kto otaguje tento záznam!

MARC

LEADER 00000nas2a2200000 4500
001 0123656
005 20190411122622.9
022 |a 1213-6204 
041 0 |a cze 
044 |a CZ 
245 1 0 |a Sociální práce  |b časopis pro teorii, praxi a vzdělávání v sociální praci 
264 1 |a Brno  |b Asociace vzdělavatelů v sociální práci  |c 2010 
773 0 |w eu_un_cat*0034221 
774 0 |w eu_un_cat*0182098